[Event "Tata Steel 2013"]
[Site "Wijk aan Zee"]
[Date "12.01.2013"]
[Round "1"]
[White "Aronian,L"]
[Black "Van Wely,L"]
[Result "1/2-1/2"]
[WhiteElo "2802"]
[BlackElo "2679"]
[EventDate "2013.01.12"]

1. d4 Nf6 2. c4 g6 3. Nc3 Bg7 4. e4 d6 5. Nf3 O-O 6. h3 e5 7. d5 Nh5 8. g3
a5 9. Nh2 Na6 10. Be2 Nf6 11. h4 Nc5 12. Bf3 c6 13. Be3 Qb6 14. O-O Qxb2
15. Bxc5 dxc5 16. Na4 Qd4 17. Nb6 Ra6 18. Rb1 Bh3 19. Re1 Qxd1 20. Bxd1 h5
21. Nf3 Bg4 22. Ng5 Bxd1 23. Rexd1 a4 24. dxc6 bxc6 25. Rd6 Rb8 26. Rxc6
Nd7 27. Rc8+ Rxc8 28. Nxc8 f6 29. Rb7 fxg5 30. Rxd7 gxh4 31. Ne7+ Kh7 32.
gxh4 Rb6 33. Nd5 Rb2 34. Nf6+ Kh6 35. Ne8 Bh8 36. a3 Rb3 37. Nd6 Rxa3 38.
Nf7+ Kg7 39. Ng5+ Kg8 40. Rd8+ Kg7 41. Rc8 Ra1+ 42. Kg2 a3 43. Rxc5 a2 44.
Ra5 Kf8 45. c5 Bf6 46. Ra8+ Ke7 47. Ra7+ Ke8 48. c6 Bxg5 49. hxg5 Rc1 50.
Rxa2 Rxc6 51. Ra5 Re6 52. Kf3 Kf7 53. Kg2 1/2-1/2

[Event "Tata Steel 2013"]
[Site "Wijk aan Zee"]
[Date "12.01.2013"]
[Round "1"]
[White "Harikrishna,P"]
[Black "Giri,A"]
[Result "1-0"]
[WhiteElo "2698"]
[BlackElo "2720"]
[EventDate "2013.01.12"]

1. e4 e6 2. d4 d5 3. Nc3 dxe4 4. Nxe4 Nd7 5. Nf3 Ngf6 6. Nxf6+ Nxf6 7. g3
b6 8. Bg2 Bb7 9. O-O Bd6 10. Qe2 O-O 11. Rd1 h6 12. c4 Qe7 13. Ne5 Bxg2 14.
Kxg2 Bxe5 15. Qxe5 Rfd8 16. Qe2 Rd7 17. Be3 Rad8 18. Qf3 Ne8 19. b3 Nd6 20.
d5 Nf5 21. Re1 Qf6 22. dxe6 fxe6 23. Bf4 Nh4+ 24. gxh4 Rf8 25. Rad1 Rxd1
26. Rxd1 Qxf4 27. Qxf4 Rxf4 28. Kg3 Rf5 29. Rd8+ Kh7 30. Rd7 Rc5 31. Re7
Kg6 32. Rxe6+ Kf7 33. Re4 a5 34. Kg4 Kf6 35. f4 c6 36. h5 b5 37. a4 bxa4
38. bxa4 Rf5 39. Rd4 Rc5 40. h3 Ke6 41. Re4+ Kf6 42. h4 Rf5 43. Re8 Rc5 44.
Ra8 Ke6 45. Ra6 Kf6 46. Ra7 g6 47. hxg6 Kxg6 48. Ra8 Kf6 49. Rf8+ Ke6 50.
Re8+ Kf6 51. Re5 Rxc4 52. Rf5+ Ke6 53. Rxa5 Kf6 54. Ra8 c5 55. a5 Ra4 56.
a6 c4 57. a7 Kg7 58. Kf3 c3 59. Ke3 1-0

[Event "Tata Steel 2013"]
[Site "Wijk aan Zee"]
[Date "13.01.2013"]
[Round "2"]
[White "Van Wely,L"]
[Black "Hou,Yifan"]
[Result "1/2-1/2"]
[WhiteElo "2679"]
[BlackElo "2603"]
[EventDate "2013.01.12"]

1. e4 c5 2. Nc3 g6 3. Nf3 Bg7 4. d4 cxd4 5. Nxd4 Nc6 6. Be3 Nf6 7. Bc4 O-O
8. Bb3 d6 9. f3 Bd7 10. Qd2 Nxd4 11. Bxd4 b5 12. a4 bxa4 13. Bxa4 Bxa4 14.
Rxa4 Qb8 15. O-O Rc8 16. b3 Qb7 17. Rfa1 a6 18. Qd3 Rc6 19. Nd1 Nd7 20.
Bxg7 Kxg7 21. Qd4+ Nf6 22. Ne3 Qb5 23. Ra5 Qb7 24. g4 h6 25. h4 e5 26. Qd2
Qa7 27. Kg2 Rac8 28. Qe2 Ra8 29. R1a2 Qd4 30. R2a4 Qb6 31. Ra1 Qa7 32. Rd1
Qc7 33. Raa1 Qa7 34. Rd2 Rd8 35. Rad1 Qe7 36. Qf2 Kh7 37. Rd3 Qe6 38. R1d2
Qe7 39. Qe1 Qe6 40. Qd1 Qe7 41. Kg3 Qc7 42. c4 Qa7 43. Rh2 Rg8 44. Qc1 a5
45. Ra2 Ra6 46. Qd2 Rb8 47. Ra1 Nd7 48. Re1 Nc5 49. Rxd6 Rxd6 50. Qxd6 Rxb3
51. Ng2 Rb2 52. Ne3 Rb3 53. Ng2 a4 54. h5 Nd3 55. hxg6+ fxg6 56. Re3 a3 57.
c5 Nxc5 58. Rxb3 Nxb3 59. Nh4 Qg1+ 60. Kh3 Qh1+ 61. Kg3 Qg1+ 1/2-1/2

[Event "Tata Steel 2013"]
[Site "Wijk aan Zee"]
[Date "13.01.2013"]
[Round "2"]
[White "L'Ami,E"]
[Black "Karjakin,Sergey"]
[Result "1/2-1/2"]
[WhiteElo "2627"]
[BlackElo "2780"]
[EventDate "2013.01.12"]

1. d4 Nf6 2. c4 e6 3. Nf3 b6 4. Nc3 Bb4 5. e3 O-O 6. Bd3 d5 7. O-O Bb7 8.
cxd5 exd5 9. a3 Bd6 10. b4 a6 11. Qb3 Qe7 12. b5 Qd8 13. a4 axb5 14. Nxb5
Be7 15. Ba3 c6 16. Bxe7 Qxe7 17. Nc3 Nbd7 18. a5 c5 19. a6 c4 20. Qb5 Bxa6
21. Rxa6 Rxa6 22. Qxa6 cxd3 23. Nd2 Qb4 24. Qxd3 Rc8 25. Nb5 Ne4 26. Nxe4
dxe4 27. Qb1 Qxb1 28. Rxb1 Nf6 29. f3 Rc6 30. Na7 Rc3 31. Rxb6 h5 32. Kf2
Rc2+ 33. Kg3 h4+ 34. Kh3 exf3 35. gxf3 Rf2 36. Rb3 Rxf3+ 37. Kg2 Rf5 38.
Nc6 Kh7 39. Ne7 Rg5+ 40. Kf3 h3 41. Rb2 Rg1 42. Nf5 Rf1+ 1/2-1/2

[Event "Tata Steel 2013"]
[Site "Wijk aan Zee"]
[Date "13.01.2013"]
[Round "2"]
[White "Caruana,F"]
[Black "Harikrishna,P"]
[Result "1/2-1/2"]
[WhiteElo "2781"]
[BlackElo "2698"]
[EventDate "2013.01.12"]

1. e4 e5 2. Nf3 Nc6 3. Bb5 Nf6 4. d3 Bc5 5. c3 O-O 6. O-O d6 7. Nbd2 a6 8.
Bxc6 bxc6 9. Re1 Re8 10. Nf1 d5 11. Be3 Bf8 12. Qc2 Bg4 13. N3d2 Nh5 14. h3
Bxh3 15. gxh3 d4 16. Nf3 dxe3 17. fxe3 Qd7 18. Kh2 Re6 19. Nh4 Rd6 20. Rad1
Rd8 21. d4 g6 22. Nf3 Bg7 23. Ng3 Nxg3 24. Kxg3 c5 25. d5 Qe7 26. Kh2 f5
27. Rg1 Bh6 28. Rde1 Rf8 29. Kh1 f4 30. exf4 Bxf4 31. Qg2 c4 32. b3 cxb3
33. axb3 a5 34. Ng5 Bxg5 35. Qxg5 Rdf6 36. Ref1 Qd7 37. Qg2 Rf4 38. Rxf4
Rxf4 39. Rf1 Qf7 40. Rxf4 Qxf4 41. Qg4 Qc1+ 42. Kg2 Qc2+ 43. Kg1 Kg7 44.
Qd7+ Kh6 45. Qxc7 Qd1+ 46. Kf2 Qd2+ 47. Kf1 Qf4+ 48. Kg1 Qe3+ 49. Kf1 Qf4+
50. Kg1 Qe3+ 51. Kf1 1/2-1/2

[Event "Tata Steel 2013"]
[Site "Wijk aan Zee"]
[Date "13.01.2013"]
[Round "2"]
[White "Giri,A"]
[Black "Anand,V"]
[Result "1/2-1/2"]
[WhiteElo "2720"]
[BlackElo "2772"]
[EventDate "2013.01.12"]

1. e4 e5 2. Nf3 Nc6 3. Bb5 a6 4. Ba4 Nf6 5. O-O Be7 6. Re1 b5 7. Bb3 O-O 8.
d3 d6 9. a3 Nb8 10. Nbd2 Nbd7 11. Nf1 Nc5 12. Ba2 Be6 13. Bxe6 Nxe6 14. Ng3
g6 15. c3 c5 16. Bh6 Re8 17. h3 Nd7 18. a4 Qb6 19. Nh2 Nf6 20. Ng4 Reb8 21.
Re3 Qd8 22. Nf5 b4 23. Rg3 bxc3 24. bxc3 Rb7 25. Rb1 Rxb1 26. Qxb1 Nxg4 27.
Rxg4 Bf8 28. Qb7 Rb8 29. Qd5 Nc7 30. Qc6 Ne8 31. Qxa6 Nf6 32. Rg5 Qb6 33.
Qc4 Ne8 34. Rg3 Qb3 35. Qxb3 Rxb3 36. Bd2 Ra3 37. d4 Rxa4 38. dxe5 dxe5 39.
Nh6+ Kg7 40. Rd3 Nf6 41. Ng4 Nxg4 42. hxg4 Rxe4 43. g5 Ra4 44. Kf1 Ra6 45.
c4 Rd6 46. Ke2 Rxd3 1/2-1/2

[Event "Tata Steel 2013"]
[Site "Wijk aan Zee"]
[Date "14.01.2013"]
[Round "3"]
[White "Sokolov,Ivan"]
[Black "Giri,A"]
[Result "1/2-1/2"]
[WhiteElo "2663"]
[BlackElo "2720"]
[EventDate "2013.01.12"]

1. d4 Nf6 2. c4 g6 3. Nc3 d5 4. Nf3 Bg7 5. e3 O-O 6. Be2 c5 7. dxc5 dxc4 8.
Qa4 Nd5 9. O-O Na6 10. Qxc4 Nxc3 11. bxc3 Qa5 12. Rb1 Qxc5 13. Nd4 Bf6 14.
Qb3 Qa5 15. Qa3 Qc7 16. Bf3 Nc5 17. c4 Bd7 18. Bd2 Rad8 19. Qxa7 Ra8 20.
Qb6 Qxb6 21. Rxb6 Rxa2 22. Bb4 Nd3 23. Rxf6 exf6 24. Bxf8 Kxf8 25. Bxb7 Be6
26. Bd5 Bxd5 27. cxd5 Ke7 28. g4 1/2-1/2

[Event "Tata Steel 2013"]
[Site "Wijk aan Zee"]
[Date "14.01.2013"]
[Round "3"]
[White "Harikrishna,P"]
[Black "Aronian,L"]
[Result "1/2-1/2"]
[WhiteElo "2698"]
[BlackElo "2802"]
[EventDate "2013.01.12"]

1. e4 e5 2. Nf3 Nc6 3. Bb5 Nf6 4. O-O Nxe4 5. Re1 Nd6 6. Nxe5 Be7 7. Bf1
Nxe5 8. Rxe5 O-O 9. d4 Ne8 10. c3 d5 11. Bd3 Bd6 12. Re1 Qh4 13. g3 Qg4 14.
Qxg4 Bxg4 15. Kg2 c6 16. Nd2 Nc7 17. Nf3 Rae8 18. Bd2 Rxe1 19. Rxe1 Re8 20.
Rc1 f6 21. Nh4 g6 22. h3 Be2 23. Bb1 Ba6 24. Nf3 Kf7 25. Be3 Ne6 26. Bc2
Ng7 27. Re1 b6 28. Bd2 Bc8 29. Rxe8 Kxe8 30. Nh2 Bf5 31. Ba4 b5 32. Bd1 h5
33. a4 a6 34. Nf1 Be4+ 35. Kg1 Ne6 36. axb5 axb5 37. h4 f5 38. Bc1 c5 39.
dxc5 Nxc5 40. Be3 Bd3 41. Bd4 Ne6 42. Ne3 f4 43. gxf4 Nxf4 44. Bg7 Ne6 45.
Bh8 Nf4 46. Bg7 Ne2+ 47. Kg2 Be4+ 48. Kf1 Nf4 49. Bh6 Kd7 50. f3 Bd3+ 51.
Ke1 Bb1 52. Kd2 Be5 53. Bb3 Kd6 54. Kc1 Bd3 55. Kd2 Bb1 56. Kc1 Bd3 57. Kd2
1/2-1/2

[Event "Tata Steel 2013"]
[Site "Wijk aan Zee"]
[Date "14.01.2013"]
[Round "3"]
[White "Anand,V"]
[Black "Caruana,F"]
[Result "1-0"]
[WhiteElo "2772"]
[BlackElo "2781"]
[EventDate "2013.01.12"]

1. e4 e5 2. Nf3 Nc6 3. Bb5 a6 4. Ba4 Nf6 5. O-O Be7 6. d3 b5 7. Bb3 d6 8.
a3 O-O 9. Nbd2 Re8 10. Re1 Bf8 11. Nf1 h6 12. Ne3 Be6 13. Bxe6 Rxe6 14. Nd5
Re8 15. c4 Nb8 16. Bd2 Nxd5 17. cxd5 c6 18. Qb3 cxd5 19. Qxd5 Nd7 20. Rac1
Qb8 21. Rc3 Nf6 22. Qb3 Qb7 23. Rec1 Rac8 24. h3 Rxc3 25. Qxc3 d5 26. Nxe5
dxe4 27. d4 Qd5 28. Be3 Bd6 29. Ng4 Re6 30. Nxf6+ Rxf6 31. Kh1 Be7 32. Qc7
Re6 33. Qb8+ Kh7 34. Rc8 Bd6 35. Rh8+ Kg6 36. Qg8 Kf6 37. Rh7 Ke7 38. Qxg7
Qh5 39. Bg5+ Kd7 40. Qxf7+ Qxf7 41. Rxf7+ 1-0

[Event "Tata Steel 2013"]
[Site "Wijk aan Zee"]
[Date "14.01.2013"]
[Round "3"]
[White "Karjakin,Sergey"]
[Black "Wang,Hao"]
[Result "1-0"]
[WhiteElo "2780"]
[BlackElo "2752"]
[EventDate "2013.01.12"]

1. e4 e5 2. Nf3 Nf6 3. Nxe5 d6 4. Nf3 Nxe4 5. Nc3 Nf6 6. d4 Be7 7. Bd3 O-O
8. O-O Re8 9. Ne2 Nbd7 10. Ng3 Nf8 11. c4 d5 12. c5 Bg4 13. h3 Bxf3 14.
Qxf3 Ne6 15. Be3 g6 16. Rae1 c6 17. b4 Nd7 18. Qd1 a6 19. Ne2 Bg5 20. Kh1
Bxe3 21. fxe3 f5 22. Ng1 Qh4 23. Nf3 Qh6 24. Re2 Ng5 25. Qe1 Nf6 26. Nxg5
Qxg5 27. g4 Ne4 28. Bxe4 fxe4 29. Qg3 Rf8 30. Ref2 Qe7 31. Kg2 Rxf2+ 32.
Rxf2 Kg7 33. g5 a5 34. bxa5 Rxa5 35. h4 Ra8 36. Qd6 Qxd6 37. cxd6 Rf8 38.
Rf4 Ra8 39. Kg3 Rxa2 40. Rf6 Ra8 41. Re6 Rd8 42. Re7+ 1-0

[Event "Tata Steel 2013"]
[Site "Wijk aan Zee"]
[Date "14.01.2013"]
[Round "3"]
[White "Hou,Yifan"]
[Black "L'Ami,E"]
[Result "1/2-1/2"]
[WhiteElo "2603"]
[BlackElo "2627"]
[EventDate "2013.01.12"]

1. e4 c6 2. d4 d5 3. Nd2 dxe4 4. Nxe4 Bf5 5. Ng3 Bg6 6. h4 h6 7. Nf3 Nd7 8.
h5 Bh7 9. Bd3 Bxd3 10. Qxd3 e6 11. Bd2 Ngf6 12. O-O-O Be7 13. Kb1 O-O 14.
Ne4 Nxe4 15. Qxe4 Nf6 16. Qe2 Qd5 17. Ne5 Qe4 18. Qxe4 Nxe4 19. Be3 Rfd8
20. Rhe1 c5 21. c3 Rac8 22. dxc5 Bxc5 23. Bxc5 Nxc5 24. Kc2 Kf8 25. b4 Na4
26. c4 Nb6 27. Rxd8+ Rxd8 28. Kc3 Ke7 29. g4 Nd7 30. Nd3 Rg8 31. f3 g6 32.
hxg6 fxg6 33. Nf4 Nf8 34. c5 Rg7 35. Nd5+ Kd8 36. Nf4 Rf7 37. Nxe6+ Nxe6
38. Rxe6 Rxf3+ 39. Kc2 Rf4 40. Rxg6 Rxb4 41. Kc3 Ra4 42. Rxh6 Rxg4 1/2-1/2

[Event "Tata Steel 2013"]
[Site "Wijk aan Zee"]
[Date "17.01.2013"]
[Round "5"]
[White "Karjakin,Sergey"]
[Black "Giri,A"]
[Result "1/2-1/2"]
[WhiteElo "2780"]
[BlackElo "2720"]
[EventDate "2013.01.12"]

1. d4 Nf6 2. c4 g6 3. f3 d5 4. cxd5 Nxd5 5. e4 Nb6 6. Nc3 Bg7 7. Be3 O-O 8.
Qd2 Nc6 9. O-O-O Qd6 10. Nb5 Qd7 11. f4 Qe6 12. Nc3 Nc4 13. Qe2 N6a5 14.
Nf3 c5 15. e5 cxd4 16. Nxd4 Qb6 17. Nf5 Nxe3 18. Nxe3 Nc6 19. Ned5 Qd8 20.
g3 Be6 21. Bg2 Rc8 22. Kb1 Qa5 23. Rd2 Rfd8 24. Rhd1 Kf8 25. h4 Rd7 26. h5
Rcd8 27. a3 a6 28. hxg6 hxg6 29. Bf3 b5 30. Qf2 b4 31. axb4 Nxb4 32. Nxb4
Qxb4 33. Rxd7 Rxd7 34. Rxd7 Bxd7 35. Be4 Bh6 36. Qa7 Bb5 37. Bc2 Bc4 38.
Kc1 a5 1/2-1/2

[Event "Tata Steel 2013"]
[Site "Wijk aan Zee"]
[Date "17.01.2013"]
[Round "5"]
[White "Sokolov,Ivan"]
[Black "Aronian,L"]
[Result "0-1"]
[WhiteElo "2663"]
[BlackElo "2802"]
[EventDate "2013.01.12"]

1. d4 Nf6 2. c4 g6 3. Nc3 d5 4. Bg5 Bg7 5. Nf3 Ne4 6. Bf4 Nxc3 7. bxc3 dxc4
8. Qa4+ Nd7 9. e4 c5 10. Bxc4 O-O 11. O-O Nb6 12. Qb3 Nxc4 13. Qxc4 b6 14.
d5 e6 15. h3 a5 16. Bg5 f6 17. dxe6 Ba6 18. Qd5 Qxd5 19. exd5 fxg5 20. Rfd1
Bxc3 21. Rac1 Be2 22. Nxg5 Bxd1 23. Rxc3 Rf5 24. Ne4 Kg7 0-1

[Event "Tata Steel 2013"]
[Site "Wijk aan Zee"]
[Date "17.01.2013"]
[Round "5"]
[White "Harikrishna,P"]
[Black "Van Wely,L"]
[Result "1-0"]
[WhiteElo "2698"]
[BlackElo "2679"]
[EventDate "2013.01.12"]

1. e4 c5 2. Nf3 e6 3. d4 cxd4 4. Nxd4 a6 5. Be2 Nf6 6. Nc3 d6 7. O-O Be7 8.
a4 Nc6 9. Be3 O-O 10. f4 Qc7 11. Kh1 Re8 12. Bf3 Bd7 13. Nb3 b6 14. g4 Bc8
15. g5 Nd7 16. Bg2 Bb7 17. Rf3 Bf8 18. Rh3 g6 19. Qe1 Bg7 20. Qh4 Nf8 21.
Qf2 Nd7 22. Rf1 Nb4 23. Bd4 Bxd4 24. Nxd4 Nc6 25. f5 Nce5 26. Qh4 h5 27.
Nde2 exf5 28. Nf4 Kg7 29. Ncd5 Bxd5 30. Nxd5 Qxc2 31. exf5 Rac8 32. Nf4 Rh8
33. fxg6 fxg6 34. Ne6+ Kg8 35. Bd5 Qd2 36. Qe4 Rc1 37. Rhf3 Kh7 38. Rf7+
Nxf7 39. Qxg6+ 1-0

[Event "Tata Steel 2013"]
[Site "Wijk aan Zee"]
[Date "18.01.2013"]
[Round "6"]
[White "Aronian,L"]
[Black "Leko,P"]
[Result "1-0"]
[WhiteElo "2802"]
[BlackElo "2735"]
[EventDate "2013.01.12"]

1. d4 Nf6 2. c4 e6 3. Nf3 b6 4. g3 Ba6 5. Qc2 c5 6. d5 exd5 7. cxd5 Bb7 8.
Bg2 Nxd5 9. O-O Nc6 10. Rd1 Be7 11. Qa4 Nf6 12. e4 O-O 13. e5 Ne8 14. Nc3
Nc7 15. Be3 Qe8 16. Nd2 Rb8 17. Nc4 b5 18. Nxb5 Nxb5 19. Qxb5 Nxe5 20. Nxe5
Bxg2 21. Qxd7 Ba8 22. Rd2 Rd8 23. Qxe8 Rfxe8 24. Rad1 Rxd2 25. Rxd2 f6 26.
Nc4 Rd8 27. Rxd8+ Bxd8 28. Bxc5 a6 29. Kf1 Kf7 30. Ke2 Ke6 31. Kd3 g5 32.
Kd4 h5 33. b3 Bc7 34. Bb6 Bd6 35. Bd8 Bb4 36. a3 Be1 37. Ke3 Bc3 38. Bc7
Bc6 39. Kd3 Ba1 40. f4 Bb5 41. a4 Bc6 42. Na5 Bg2 43. Kc4 Kd7 44. Bb8 Bf1+
45. Kc5 Bc3 46. Nc4 Be2 47. f5 Be1 48. Nb6+ Ke8 49. b4 Bf2+ 50. Kc6 Bxb6
51. Kxb6 Kd7 52. Kb7 Bd3 53. Ba7 Bc2 54. Kxa6 Bxa4 55. b5 Bc2 56. Bd4 Bd3
57. Bxf6 Kc8 58. Bxg5 Bxf5 59. Ka7 1-0

[Event "Tata Steel 2013"]
[Site "Wijk aan Zee"]
[Date "18.01.2013"]
[Round "6"]
[White "Caruana,F"]
[Black "Karjakin,Sergey"]
[Result "1/2-1/2"]
[WhiteElo "2781"]
[BlackElo "2780"]
[EventDate "2013.01.12"]

1. e4 e5 2. Nf3 Nc6 3. Bb5 Nf6 4. O-O Nxe4 5. d4 Nd6 6. Bxc6 dxc6 7. dxe5
Nf5 8. Qxd8+ Kxd8 9. Nc3 Ke8 10. h3 h5 11. Bg5 Be6 12. b3 Be7 13. Rad1 h4
14. Ne4 a5 15. a4 b6 16. Bf4 c5 17. Neg5 Bxg5 18. Nxg5 Nd4 19. Nxe6 Nxe6
20. Bc1 Rh5 21. Rfe1 Ke7 22. c3 Rah8 23. Re4 Rf5 24. Be3 Rhh5 25. Rd5 Ke8
26. c4 Ke7 27. f3 g6 28. Kf2 Rh8 29. Rd1 Rfh5 30. Kf1 Nd8 31. Rxh4 Rxh4 32.
Bg5+ Ke6 33. Bxh4 Rxh4 34. Rxd8 Rd4 35. Re8+ Kd7 36. Rf8 Ke7 37. Rc8 Kd7
38. Rf8 Ke7 1/2-1/2

[Event "Tata Steel 2013"]
[Site "Wijk aan Zee"]
[Date "19.01.2013"]
[Round "7"]
[White "Hou,Yifan"]
[Black "Caruana,F"]
[Result "1/2-1/2"]
[WhiteElo "2603"]
[BlackElo "2781"]
[EventDate "2013.01.12"]

1. e4 c5 2. Nf3 e6 3. d4 cxd4 4. Nxd4 a6 5. Bd3 Bc5 6. Nb3 Be7 7. Qg4 g6 8.
Qe2 d6 9. Na3 Nc6 10. Be3 Rb8 11. O-O Nf6 12. Bh6 e5 13. Bg7 Rg8 14. Bxf6
Bxf6 15. Nc4 Bg5 16. Ne3 Ne7 17. a4 Bd7 18. Rfd1 Qc7 19. Nd2 Kf8 20. a5 Kg7
21. Ndc4 Bc6 22. Nb6 Rgf8 23. Ra3 Rbd8 24. c4 Bxe3 25. Qxe3 Bd7 26. Nd5
Nxd5 27. exd5 Rb8 28. Qb6 Qxb6 29. axb6 Rfe8 30. f3 f5 31. b4 e4 32. fxe4
fxe4 33. Be2 h5 34. Kf2 Bg4 35. h3 e3+ 36. Ke1 Bxe2 37. Kxe2 Re4 38. Rxe3
Rxc4 39. Re7+ Kh6 40. Re6 Rxb4 41. Rxd6 Re8+ 42. Kd3 Ree4 43. Rf1 Rbd4+ 44.
Kc3 Rc4+ 45. Kd3 Rcd4+ 1/2-1/2

[Event "Tata Steel 2013"]
[Site "Wijk aan Zee"]
[Date "19.01.2013"]
[Round "7"]
[White "Sokolov,Ivan"]
[Black "Harikrishna,P"]
[Result "1/2-1/2"]
[WhiteElo "2663"]
[BlackElo "2698"]
[EventDate "2013.01.12"]

1. d4 Nf6 2. c4 e6 3. Nc3 Bb4 4. e3 O-O 5. Bd3 c5 6. Nf3 d5 7. O-O cxd4 8.
exd4 dxc4 9. Bxc4 b6 10. Bg5 Bb7 11. Rc1 Nc6 12. Re1 Rc8 13. Bd3 Be7 14.
Bb1 Nb4 15. Ne5 Nc6 16. Qd3 Nxe5 17. dxe5 Qxd3 18. Bxd3 Rfd8 19. Bf1 Nd5
20. Bxe7 Nxe7 21. Nb5 Bd5 22. Nxa7 Rxc1 23. Rxc1 Bxa2 24. Rc7 Kf8 25. Rb7
Bd5 26. Rxb6 Ng6 27. Nc6 Bxc6 28. Rxc6 Nxe5 29. Rc5 Nd7 30. Rc2 Rb8 31. g3
g5 32. Be2 Ke7 33. Kf1 f5 34. Ke1 Nf6 35. Bc4 Ne4 36. Bd3 Nd6 37. Kd2 e5
38. Rc7+ Kf6 39. Kc3 e4 40. Bc4 h5 41. Rc6 Ke7 42. Rc7+ Kf6 43. Rc6 Ke7 44.
Rc7+ Kf6 45. Rc6 1/2-1/2

[Event "Tata Steel 2013"]
[Site "Wijk aan Zee"]
[Date "19.01.2013"]
[Round "7"]
[White "Karjakin,Sergey"]
[Black "Aronian,L"]
[Result "1/2-1/2"]
[WhiteElo "2780"]
[BlackElo "2802"]
[EventDate "2013.01.12"]

1. e4 e5 2. Nf3 Nc6 3. Bb5 a6 4. Ba4 Nf6 5. O-O Be7 6. Re1 b5 7. Bb3 O-O 8.
a4 b4 9. d3 d6 10. Nbd2 Na5 11. Ba2 c5 12. c3 Rb8 13. Nc4 Nc6 14. h3 h6 15.
d4 cxd4 16. cxd4 exd4 17. Bf4 b3 18. Bxb3 Be6 19. Ba2 d3 20. Qxd3 Nb4 21.
Qe2 Nxa2 22. Rxa2 Rc8 23. b3 Nxe4 24. Rc2 Bf6 25. Qxe4 d5 26. Qe2 dxc4 27.
bxc4 Qa5 28. Be5 Bxe5 29. Qxe5 Qxa4 30. Nd4 Bxh3 31. Qf4 Bd7 32. Re7 Rce8
33. Rxe8 Rxe8 34. Qd6 Re1+ 35. Kh2 Rd1 36. Rc3 Qa1 37. Qb8+ Kh7 38. Ne2 Bg4
39. Qf4 Rh1+ 40. Kg3 h5 41. Re3 Qa5 42. Nd4 Qd8 43. Nf3 f6 44. Qe4+ Kh6 45.
Nh4 Qd6+ 46. f4 Rxh4 47. Kxh4 Qc5 48. Kg3 Bf5 49. Qe8 Qxc4 50. Qh8+ Bh7 51.
Qb8 a5 52. Kh2 Bf5 53. Qh8+ Bh7 54. Qb8 Bf5 55. Qh8+ Bh7 1/2-1/2

[Event "Tata Steel 2013"]
[Site "Wijk aan Zee"]
[Date "19.01.2013"]
[Round "7"]
[White "Anand,V"]
[Black "Van Wely,L"]
[Result "1-0"]
[WhiteElo "2772"]
[BlackElo "2679"]
[EventDate "2013.01.12"]

1. e4 d5 2. exd5 Qxd5 3. Nc3 Qa5 4. d4 Nf6 5. Bd2 Bg4 6. f3 Bd7 7. Bc4 Qb6
8. Nge2 e6 9. Bb3 Nc6 10. Be3 Na5 11. O-O Nxb3 12. axb3 Be7 13. Nf4 O-O 14.
Re1 Rfd8 15. Nd3 Qd6 16. Bf2 Bc6 17. Ne4 Nxe4 18. fxe4 f5 19. exf5 exf5 20.
c4 Be4 21. Nc5 Qg6 22. Nxe4 fxe4 23. Qb1 Bf6 24. Qxe4 Qxe4 25. Rxe4 c6 26.
Kf1 Rd7 27. Ke2 a6 28. Kd3 Rad8 29. Rae1 Kf7 30. Be3 h5 31. Rf1 Kg6 32. b4
Rd6 33. h3 R6d7 34. g4 hxg4 35. hxg4 Rf8 36. g5 Bxd4 37. Re6+ 1-0

[Event "Tata Steel 2013"]
[Site "Wijk aan Zee"]
[Date "20.01.2013"]
[Round "8"]
[White "Anand,V"]
[Black "Sokolov,Ivan"]
[Result "1/2-1/2"]
[WhiteElo "2772"]
[BlackElo "2663"]
[EventDate "2013.01.12"]

1. e4 e5 2. Nf3 Nc6 3. Bb5 f5 4. Nc3 fxe4 5. Nxe4 Nf6 6. Qe2 Qe7 7. O-O d5
8. Nxf6+ gxf6 9. d4 e4 10. Nh4 f5 11. g3 Bg7 12. c3 O-O 13. f3 Bd7 14. Bf4
Bxd4+ 15. cxd4 Nxd4 16. Qd2 Nxb5 17. Qxd5+ Rf7 18. Rad1 Re8 19. Nxf5 Bxf5
20. Qxb5 exf3 21. Rxf3 a6 22. Qb3 Qc5+ 23. Be3 Qb5 24. Qxb5 1/2-1/2

[Event "Tata Steel 2013"]
[Site "Wijk aan Zee"]
[Date "20.01.2013"]
[Round "8"]
[White "Aronian,L"]
[Black "Hou,Yifan"]
[Result "1-0"]
[WhiteElo "2802"]
[BlackElo "2603"]
[EventDate "2013.01.12"]

1. c4 Nf6 2. Nc3 e6 3. e4 d5 4. e5 d4 5. exf6 dxc3 6. bxc3 Qxf6 7. Nf3 e5
8. Bd3 Bg4 9. Be4 Nd7 10. Bxb7 Rb8 11. Bd5 c6 12. Be4 Nc5 13. Qe2 Nxe4 14.
Qxe4 Bxf3 15. Qxf3 Qxf3 16. gxf3 Bd6 17. Kd1 Kd7 18. Kc2 f5 19. d3 Rhf8 20.
Rg1 g6 21. Bh6 Rf7 22. Rad1 Ke6 23. Bc1 Rb6 24. f4 Ra6 25. fxe5 Rxa2+ 26.
Kb1 Rxf2 27. exd6 Rb7+ 28. Ka1 Kxd6 29. Rd2 Rf3 30. Re1 Rd7 31. Kb1 g5 32.
Kc2 f4 33. Ba3+ Kc7 34. d4 g4 35. d5 cxd5 36. cxd5 h5 37. Be7 g3 38. Re5
Re3 39. d6+ Kc6 40. Rxh5 1-0

[Event "Tata Steel 2013"]
[Site "Wijk aan Zee"]
[Date "20.01.2013"]
[Round "8"]
[White "Caruana,F"]
[Black "L'Ami,E"]
[Result "1-0"]
[WhiteElo "2781"]
[BlackElo "2627"]
[EventDate "2013.01.12"]

1. e4 c6 2. d4 d5 3. e5 Bf5 4. h4 h6 5. g4 Bd7 6. h5 e6 7. f4 c5 8. c3 Qb6
9. Nf3 Bb5 10. Bxb5+ Qxb5 11. Na3 Qb6 12. Qa4+ Nc6 13. Nc2 cxd4 14. cxd4
Qa5+ 15. Qxa5 Nxa5 16. Ke2 Ne7 17. b3 Rc8 18. Kd3 Nac6 19. Bd2 Rc7 20. Nh4
Nc8 21. f5 a5 22. Raf1 Rg8 23. Rh2 f6 24. exf6 gxf6 25. Ne3 e5 26. Nxd5 Rf7
27. Ng6 Nxd4 28. Be3 Nc6 29. Ke2 Bg7 30. Kf3 Rd7 31. Rd2 Kf7 32. Rfd1 Rgd8
33. Kf2 Ke8 34. Ke1 Nd4 35. Bxd4 Rxd5 36. Bc3 Rxd2 37. Bxd2 b6 38. Rc1 Kd7
39. Be3 Re8 40. Ke2 Kd6 41. Kd3 Kd7 42. Rc3 Bf8 43. Ke4 Bb4 44. Rc2 Nd6+
45. Kd5 Nb5 46. Bxh6 Nc3+ 47. Rxc3 Bxc3 48. Be3 Bd4 49. Bxd4 exd4 50. Kxd4
Kc6 51. h6 Rd8+ 52. Ke4 Rd7 53. g5 1-0

[Event "Tata Steel 2013"]
[Site "Wijk aan Zee"]
[Date "22.01.2013"]
[Round "9"]
[White "Karjakin,Sergey"]
[Black "Harikrishna,P"]
[Result "1/2-1/2"]
[WhiteElo "2780"]
[BlackElo "2698"]
[EventDate "2013.01.12"]

1. e4 e5 2. Nf3 Nc6 3. Bb5 Nf6 4. O-O Nxe4 5. d4 Nd6 6. Bxc6 dxc6 7. dxe5
Nf5 8. Qxd8+ Kxd8 9. h3 Bd7 10. Nc3 b6 11. g4 Ne7 12. Ng5 Ke8 13. f4 f6 14.
exf6 gxf6 15. Nge4 Kf7 16. f5 h5 17. g5 Nxf5 18. Nxf6 Be6 19. Ne2 Bg7 20.
Ne4 Rhf8 21. N4g3 Kg8 22. Nxh5 Bc4 23. Nxg7 Kxg7 24. Rf2 Rae8 25. Nf4 Re1+
26. Kh2 Bd5 27. Nxd5 cxd5 28. b3 Kg6 29. Bb2 Rxa1 30. Bxa1 Kxg5 31. Be5 c6
32. Rg2+ Kh6 33. Re2 Kg6 34. c3 Re8 35. Kg1 Re7 36. Kf2 Rf7 37. Ke1 Rh7 38.
Bb8 Kf6 39. Kd2 Rxh3 40. Bxa7 1/2-1/2

[Event "Tata Steel 2013"]
[Site "Wijk aan Zee"]
[Date "22.01.2013"]
[Round "9"]
[White "Sokolov,Ivan"]
[Black "Van Wely,L"]
[Result "0-1"]
[WhiteElo "2663"]
[BlackElo "2679"]
[EventDate "2013.01.12"]

1. d4 Nf6 2. c4 e6 3. Nc3 Bb4 4. e3 O-O 5. Nge2 d5 6. a3 Be7 7. cxd5 exd5
8. h3 a5 9. g4 c6 10. Bg2 Na6 11. b3 Nc7 12. Ra2 Nfe8 13. O-O f5 14. Ng3
Nd6 15. f3 Bh4 16. Nh5 Ne6 17. Ne2 Qe8 18. a4 g6 19. Ba3 Qe7 20. Nhg3 Ng5
21. Qc1 Bd7 22. gxf5 gxf5 23. Nh5 Kh8 24. Nef4 Be8 25. Kh2 Rg8 26. e4 Bxh5
27. Nxh5 Ne6 28. exd5 cxd5 29. Re2 Qd7 30. Qe3 Ng7 31. Nf4 Nf7 32. Qc3 Rgc8
33. Qd2 Bg5 34. h4 Bxh4 35. Bh3 Bg5 36. Rg1 Qc7 37. Rxg5 Nxg5 38. Kg2 Qc6
39. Nd3 Qh6 0-1

[Event "Tata Steel 2013"]
[Site "Wijk aan Zee"]
[Date "22.01.2013"]
[Round "9"]
[White "L'Ami,E"]
[Black "Aronian,L"]
[Result "1/2-1/2"]
[WhiteElo "2627"]
[BlackElo "2802"]
[EventDate "2013.01.12"]

1. Nf3 Nf6 2. c4 c5 3. Nc3 Nc6 4. g3 d6 5. d4 cxd4 6. Nxd4 Bd7 7. Bg2 g6 8.
O-O Bg7 9. e3 h5 10. b3 h4 11. Bb2 Qc8 12. Nxc6 Bxc6 13. Nd5 hxg3 14. hxg3
Bxd5 15. cxd5 Kf8 16. Rc1 Qd7 17. Rc4 Rc8 18. Qc2 Rxc4 19. Qxc4 Ng4 20.
Bxg7+ Kxg7 21. Qd4+ Nf6 22. Qxa7 Rc8 23. a4 Rc2 24. Qd4 Kg8 25. Bf3 Qf5 26.
Kg2 g5 27. e4 Qe5 28. Qxe5 dxe5 29. Re1 Kf8 30. Re3 Ke8 31. Bd1 Rd2 32. Be2
Kd7 33. a5 Kd6 34. a6 bxa6 35. Bxa6 Rd4 36. f3 g4 37. Bd3 Kc5 38. Kf2 Kb4
39. f4 exf4 40. gxf4 Kxb3 41. Kg3 Kb4 42. e5 Nxd5 43. Re4 Kc3 44. Rxd4 Kxd4
45. Bb1 Ne3 46. Ba2 e6 47. Bb1 Kc3 48. Be4 Kd2 49. Bc6 Kd3 50. Bb7 Kc4 51.
Ba8 Kc5 52. Bb7 Kb6 53. Be4 Kc7 54. Bd3 Kc6 55. Be4+ Kc5 56. Bb7 Kc4 57.
Ba8 Kd4 58. Bc6 Kd3 59. Bb7 Ke2 60. Bc6 Kd2 61. Be8 Kd3 62. Bxf7 Nf5+ 63.
Kxg4 Nh6+ 64. Kg5 Nxf7+ 65. Kf6 Nd8 66. f5 1/2-1/2